000 00250nam a2200109Ia 4500
008 230917s9999||||xx |||||||||||||| ||und||
040 _e192107
_aMAIN
041 _aEnglish
100 _aShastry, Ram
245 0 _aSanskrit shikshan sarini
942 _cBK
999 _c51766
_d51766